| Tag |
First Indicator |
Second Indicator |
Subfields |
| LEADER |
00000cas a2200000 a 4500 |
| 001 |
in00001658607 |
| 005 |
20151023112020.0 |
| 006 |
m d |
| 007 |
cr mnu|||||||| |
| 008 |
991216d19832005nyuqr pss 0 0eng d |
| 010 |
|
|
|a 2004233036
|
| 022 |
|
|
|y 0734-3310
|
| 029 |
1 |
|
|a OCLCS
|b 12592
|
| 029 |
1 |
|
|a OCLCS
|b OP-18137
|
| 035 |
|
|
|a (OCoLC)ocm43044373
|
| 035 |
|
|
|a (OCoLC)43044373
|
| 040 |
|
|
|a IUA
|c IUA
|d OCLCQ
|d GUA
|d UtOrBLW
|
| 042 |
|
|
|a lcd
|
| 049 |
|
|
|a TXAM
|
| 090 |
|
|
|a Z675.U5
|b R45 Electronic
|
| 130 |
0 |
|
|a Research strategies (Online)
|
| 245 |
1 |
0 |
|a Research strategies :
|b RS.
|
| 246 |
3 |
0 |
|a RS
|
| 246 |
3 |
0 |
|a R.S.
|
| 264 |
|
1 |
|a [New York, N.Y.] :
|b [Elsevier Science]
|
| 310 |
|
|
|a Quarterly
|
| 336 |
|
|
|a text
|b txt
|2 rdacontent
|
| 337 |
|
|
|a computer
|b c
|2 rdamedia
|
| 338 |
|
|
|a online resource
|b cr
|2 rdacarrier
|
| 362 |
1 |
|
|a Print began with vol. 1, no. 1 (winter 1983).
|
| 362 |
0 |
|
|a -v. 20, issue 4 (2005).
|
| 500 |
|
|
|a Description based on: Volume 15, issue 1 (1997); title from contents screen (ScienceDirect, viewed May 15, 2007).
|
| 538 |
|
|
|a Mode of access: World Wide Web.
|
| 500 |
|
|
|a Electronic resource.
|
| 650 |
|
0 |
|a Library orientation for college students
|v Periodicals.
|
| 650 |
|
0 |
|a Bibliography
|x Methodology
|x Study and teaching
|v Periodicals.
|
| 650 |
|
0 |
|a Research
|x Methodology
|x Study and teaching
|v Periodicals.
|
| 650 |
|
0 |
|a Library orientation
|v Periodicals.
|
| 650 |
|
0 |
|a Academic libraries
|v Periodicals.
|
| 776 |
0 |
8 |
|i Print version:
|t Research strategies
|x 0734-3310
|w (DLC) 83643659
|w (OCoLC)8724152
|
| 994 |
|
|
|a C0
|b TXA
|
| 949 |
|
|
|a updated
|b h
|c 2007/10/19
|e lfurubot
|g ceased
|
| 999 |
|
|
|a MARS
|
| 999 |
f |
f |
|s 36eb71dc-6788-30ea-ab59-7b4dc96bc6e4
|i e3c91b08-f9ba-35bc-84f9-6ae1e6800d84
|t 0
|
| 952 |
f |
f |
|a Texas A&M University
|b College Station
|c Electronic Resources
|d Available Online
|t 0
|e Z675.U5 R45
|g Electronic
|h Library of Congress classification
|
| 998 |
f |
f |
|a Z675.U5 R45
|t 0
|l Available Online
|